Statistieken voor Zuid-Soedan Trivia Quiz

Klik hier om de quiz te nemen!

Algemene statistieken

  • Deze quiz is 194 keer genomen
  • De gemiddelde score is 13 van 17

Antwoordstatistieken

HintAntwoord% Correct
Aangrenzende landenSoedan
98%
Aangrenzende landenEthiopië
94%
Aangrenzende landenDemocratische Republiek Congo
92%
Aangrenzende landenOeganda
92%
Aangrenzende landenCentraal-Afrikaanse Republiek
91%
Aangrenzende landenKenia
89%
Jaar waarin Zuid-Soedan onafhankelijk werd2011
88%
Koloniale macht die Zuid-Soedan regeerde in de periode 1899-1956Verenigd Koninkrijk
85%
Officiële taalEngels
79%
Hoofdstad van Zuid-SoedanDjoeba
73%
De inkomsten van dit exportproduct vormen 98% van de overheidsinkomstenOlie
73%
Rivier waaraan de bovenstaande ligt{Witte} Nijl
67%
Andere "lingua franca" van Zuid-SoedanArabisch
66%
Het Dinka-volk in Zuid-Soedan is misschien wel het _____ volk ter wereld.Langste
59%
Valuta van Zuid-SoedanPond
47%
Wereldleider die Salva Kiir Mayardit, de eerste president van Zuid-Soedan, zijn kenmerkende Stetson-hoed gafGeorge W. Bush
46%
Uitgestrekte moeraslanden, die vroege pogingen om de bron van de bovengenoemde rivier te vinden belemmerdenSudd
29%

Scoreverdeling

Percentiel versus Aantal Correcte Antwoorden

Procent van Mensen met Elke Score

Uw Scoregeschiedenis

U heeft deze quiz nog niet genomen